| 000 | 00901nam a2200265Ia 4500 | ||
|---|---|---|---|
| 003 | OSt | ||
| 005 | 20221005111051.0 | ||
| 006 | a|||||r|||| 00| 0 | ||
| 007 | ta | ||
| 008 | 221004b |||||||| |||| 00| 0 hin d | ||
| 020 |
_a9788183615563 (hbk) _c390 |
||
| 024 | _a15411 | ||
| 037 |
_bBR6147, 23/12/2014, Rajkamal Prakashan Pvt. Ltd. _cTextual |
||
| 040 |
_aCRL _cCRL _bhin |
||
| 041 |
_2hin _ahin |
||
| 082 | _aO152,3N109,RU, Q2 | ||
| 100 | _aराधाकृष्ण | ||
| 245 | 0 | _aरूपान्तर | |
| 246 | _aRūpāntara | ||
| 260 |
_aनई दिल्ली _bराधाकृष्ण भारत _c2012 |
||
| 300 |
_a155पृ0 _ccm. |
||
| 650 | _aहिन्दी साहित्य | ||
| 942 |
_hO152,3N109,RU, Q2 _cTEXL _2cc |
||
| 999 |
_c1020697 _d1020697 |
||